[Event "ch-IND National Teams"]
[Site "Gurgaon IND"]
[Date "2010.02.23"]
[Round "4"]
[White "Singh,PK"]
[Black "Ramnath,B"]
[Result "0-1"]
[WhiteElo "2179"]
[BlackElo "2382"]

1.d4 Nf6 2.c4 g6 3.Nc3 Bg7 4.e4 d6 5.Nf3 O-O 6.Be2 Na6 7.O-O e5 8.Be3 h6
9.dxe5 Ng4 10.Bc1 Nxe5 11.Nd4 Re8 12.f4 Nd7 13.Bf3 c6 14.Rb1 Nf6 15.Re1 Ng4
16.h3 Qb6 17.Ne2 f5 18.g3 Nf6 19.exf5 Bxf5 20.Ra1 Bxh3 21.Kh2 Ng4+ 22.Kxh3 Nf2+
23.Kg2 Nxd1 24.Rxd1 Nc5 25.Rb1 Ne6 26.Nc2 Qa6 27.Na3 Rad8 28.Bd2 Nd4 29.Nxd4 Bxd4
30.f5 gxf5 31.Bxh6 Be3 32.Rh1 Qa5 33.Rbd1 Qb4 34.Bxe3 Rxe3 35.Nc2 Qxb2  0-1

[Event "18th Fajr Open"]
[Site "Mashhad IRI"]
[Date "2010.02.25"]
[Round "9"]
[White "Poghosyan,S"]
[Black "Harutjunyan,G"]
[Result "1/2-1/2"]
[WhiteElo "2257"]
[BlackElo "2475"]

1.d4 Nf6 2.c4 g6 3.Nc3 Bg7 4.e4 d6 5.Nf3 O-O 6.Be2 e5 7.O-O Na6 8.Be3 Ng4
9.Bg5 f6 10.Bc1 Nh6 11.Be3 Nf7 12.dxe5 fxe5 13.Rb1 c6 14.b4 Nc7 15.h3 Ne6
16.Re1 Qf6 17.c5 Nd4 18.cxd6 Be6 19.Bf1 Nxf3+ 20.Qxf3 Qxf3 21.gxf3 Nxd6 22.Bg2 Nc4
23.b5 Nxe3 24.fxe3 Rf7 25.bxc6 bxc6 26.Na4 Bf8 27.Re2 Rd8 28.Rc1  1/2-1/2

[Event "Masters B"]
[Site "Nancy FRA"]
[Date "2010.02.25"]
[Round "5"]
[White "Marzolo,C"]
[Black "Stets,D"]
[Result "1/2-1/2"]
[WhiteElo "2480"]
[BlackElo "2444"]

1.d4 Nf6 2.c4 g6 3.Nc3 Bg7 4.e4 d6 5.Nf3 O-O 6.Be2 e5 7.Be3 Ng4 8.Bg5 f6
9.Bh4 g5 10.Bg3 Nh6 11.c5 f5 12.exf5 g4 13.Bc4+ Kh8 14.dxe5 Nxf5 15.Nd4  1/2-1/2

[Event "Max Euwe Challenge"]
[Site "Amsterdam NED"]
[Date "2010.02.26"]
[Round "7"]
[White "Wemmers,X"]
[Black "Singh,Gurp"]
[Result "1/2-1/2"]
[WhiteElo "2404"]
[BlackElo "2303"]

1.d4 Nf6 2.c4 g6 3.Nc3 Bg7 4.e4 d6 5.Nf3 O-O 6.Be2 e5 7.Be3 Ng4 8.Bg5 f6
9.Bh4 Nc6 10.d5 Ne7 11.Nd2 f5 12.Bxg4 fxg4 13.Bg5 Bf6 14.Be3 b6 15.Qe2 Kg7
16.O-O-O Ng8 17.h3 gxh3 18.Rdg1 Bg5 19.Nd1 Bxe3 20.Nxe3 Qh4 21.g3 Qf6 22.f3 Nh6
23.Rf1 Qg5 24.g4 Qh4 25.Qh2 Nf7 26.f4 exf4 27.Qxf4 Qe7 28.Nf5+ gxf5 29.gxf5 Ne5
30.Rxh3 Kh8 31.Rfh1 Rf7 32.Qh6 Bb7 33.Nb3 Ng4 34.Qd2 Rg8 35.Nd4 Qg5 36.Qxg5 Rxg5
37.Ne6 Rg8 38.Rg3 Nf2 39.Rxg8+ Kxg8 40.Rg1+ Kh8 41.Ng5 Rf6 42.Kd2 h6 43.Ke3 hxg5
44.Kxf2 Rf7 45.Rxg5 Rg7 46.Rh5+ Kg8 47.Kf3 Rh7 48.Rxh7 Kxh7 49.e5 b5 50.b3 bxc4
51.bxc4 Ba6 52.exd6 cxd6 53.c5 dxc5 54.d6 Bb5 55.Ke4 Kg7 56.d7 Bc6+ 57.Kd3 Bxd7
58.Kc4 Kf6 59.Kxc5 Bxf5 60.Kd4 Ke6  1/2-1/2

[Event "ch-IND National Teams"]
[Site "Gurgaon IND"]
[Date "2010.02.26"]
[Round "7"]
[White "Saxena,Mau"]
[Black "Venkatesh,H"]
[Result "0-1"]
[WhiteElo "1910"]
[BlackElo "2079"]

1.d4 Nf6 2.c4 g6 3.Nc3 Bg7 4.e4 d6 5.Nf3 O-O 6.Be2 Na6 7.O-O e5 8.d5 Nc5
9.Bg5 h6 10.Bxf6 Bxf6 11.b4 Na6 12.a3 Bd7 13.c5 dxc5 14.Bxa6 cxb4 15.Bxb7 Rb8
16.Ba6 bxc3 17.Qc1 c6 18.Rd1 Rb2 19.Qxc3 Qb6 20.Nd2 cxd5 21.Qd3 Ba4 22.Rdb1 Bg5
23.Ra2 Rxb1+ 24.Nxb1 d4 25.Nd2 Rb8 26.Bc4 Bxd2 27.Rxd2 Qb1+ 28.Qf1 Qxf1+
29.Kxf1 Rc8 30.Bd3 Rc3 31.f4 Rxa3 32.Ke2 exf4 33.Rb2 Bb3 34.Bb1 Bc4+ 35.Kd2 Re3
36.Rb4 Bf1 37.Rxd4 Bxg2 38.e5 g5 39.Rd8+ Kg7 40.Rd7 Bh3 41.Rxa7 Rxe5 42.Ba2 Be6
43.Bb1 g4 44.Ra4 f3 45.Rf4 Re2+ 46.Kd3 Rxh2 47.Ke3 Re2+ 48.Kd4 Rd2+ 49.Ke3 Re2+
50.Kd4 h5 51.Be4 Kh6 52.Ke5 Kg5  0-1

[Event "18th Fajr Open"]
[Site "Mashhad IRI"]
[Date "2010.02.26"]
[Round "10"]
[White "Gaprindashvili,V"]
[Black "Abbasov,F"]
[Result "0-1"]
[WhiteElo "2433"]
[BlackElo "2553"]

1.d4 Nf6 2.c4 g6 3.Nc3 Bg7 4.e4 d6 5.Be2 O-O 6.Nf3 e5 7.d5 a5 8.h3 Na6 9.Bg5 Qe8
10.g4 Nd7 11.Rg1 Kh8 12.Nd2 Ndc5  0-1

[Event "Masters B"]
[Site "Nancy FRA"]
[Date "2010.02.26"]
[Round "7"]
[White "Marzolo,C"]
[Black "Taddei,B"]
[Result "1-0"]
[WhiteElo "2480"]
[BlackElo "2295"]

1.d4 Nf6 2.Nf3 g6 3.c4 Bg7 4.Nc3 O-O 5.e4 d6 6.Be2 Nbd7 7.O-O e5 8.Be3 Re8
9.d5 Nh5 10.g3 Bf8 11.Ne1 Ng7 12.Nd3 f5 13.f3 Be7 14.Qd2 Nf6 15.c5 Rf8 16.c6 b6
17.b4 a6 18.a4 h5 19.h4 Nh7 20.f4 exf4 21.Nxf4 Qe8 22.Bc4 fxe4 23.Ne6 Bxe6
24.dxe6 Rxf1+ 25.Rxf1 Nf5 26.Nd5 Qd8 27.Rxf5 gxf5 28.Bd4 Qf8 29.Bb2 Ng5 30.hxg5 Kh7
31.Qf4 Kg6 32.Bf6  1-0

[Event "ch-IND National Teams"]
[Site "Gurgaon IND"]
[Date "2010.02.27"]
[Round "9"]
[White "Saxena,Man"]
[Black "Jitendra,C"]
[Result "1/2-1/2"]
[WhiteElo "2031"]
[BlackElo "1809"]

1.d4 Nf6 2.Nf3 g6 3.c4 Bg7 4.Nc3 d6 5.e4 O-O 6.Be2 e5 7.dxe5 dxe5 8.Qxd8 Rxd8
9.Bg5 Re8 10.O-O-O Na6 11.Ne1 Be6 12.Nc2 Nd7 13.f3 f6 14.Be3 c6 15.b3 Bf8
16.a3 Nac5 17.Kb2 a5 18.Bf2 b5 19.cxb5 cxb5 20.Bxb5 Reb8 21.b4 Rxb5 22.Nxb5 Na4+
23.Kc1 Rc8 24.Rhe1 axb4 25.axb4 Bxb4 26.Re2  1/2-1/2

[Event "Reykjavik Open"]
[Site "Reykjavik ISL"]
[Date "2010.02.27"]
[Round "4"]
[White "Lenderman,A"]
[Black "Gislason,G"]
[Result "0-1"]
[WhiteElo "2560"]
[BlackElo "2382"]

1.d4 Nf6 2.Nf3 g6 3.c4 Bg7 4.Nc3 O-O 5.e4 d6 6.Be2 e5 7.d5 c6 8.O-O Na6 9.Bg5 h6
10.Bh4 cxd5 11.cxd5 g5 12.Bg3 Nh5 13.Bxa6 bxa6 14.Nxe5 Nxg3 15.Nc6 Qb6 16.Na4 Qb5
17.fxg3 Bd7 18.Qc2 Rfe8 19.Rac1 Rac8 20.b3 f5 21.Kh1 Rxe4 22.Nc3 Bxc3 23.Qxc3 Qxd5
24.Qf6 Qe6 25.Qxe6+ Rxe6 26.Nd4 Rxc1 27.Rxc1 Re4 28.Rd1 Kf7 29.Kg1 Ke7 30.Kf2 d5
31.Ne2 Kd6 32.Nc3 Re5 33.b4 Bb5 34.Rd2 Bc4 35.Rd4 a5 36.bxa5 Kc5 37.Rd2 Kb4
38.Nd1 Kxa5 39.Ne3 Kb4 40.Rb2+ Kc3 41.Rb7 d4 42.Nxc4 Kxc4 43.Rxa7 d3 44.Rc7+ Kd4
45.Rd7+ Kc3 46.Rc7+ Kd2 47.a4 Kd1 48.Rc6 Re2+ 49.Kf1 Rc2 50.Rb6 d2 51.Rb1+ Rc1
52.Rb2 Ra1  0-1

[Event "Reykjavik Open"]
[Site "Reykjavik ISL"]
[Date "2010.03.01"]
[Round "7"]
[White "Ni,V"]
[Black "Unnarsson,S"]
[Result "1-0"]
[WhiteElo "2162"]
[BlackElo "1958"]

1.d4 Nf6 2.c4 g6 3.Nc3 Bg7 4.e4 d6 5.Be2 O-O 6.Nf3 e5 7.dxe5 dxe5 8.Qxd8 Rxd8
9.Bg5 c6 10.Nxe5 Re8 11.O-O-O Na6 12.f4 Nc5 13.Bf3 Ne6 14.Bxf6 Bxf6 15.Ng4 Bg7
16.Ne2 Nc5 17.Nf2 Be6 18.b3 b5 19.cxb5 cxb5 20.g4 Rac8 21.Kb1 f5 22.gxf5 gxf5
23.e5 Red8 24.Nd4 a6 25.b4 Na4 26.Nxe6 Nc3+ 27.Kb2 Nxd1+ 28.Rxd1 Rxd1 29.Bxd1 Bh6
30.Bc2 Kf7 31.Bxf5  1-0

[Event "Reykjavik Open"]
[Site "Reykjavik ISL"]
[Date "2010.03.02"]
[Round "8"]
[White "Einarsson,H"]
[Black "Guttulsrud,O"]
[Result "0-1"]
[WhiteElo "2260"]
[BlackElo "2061"]

1.d4 Nf6 2.c4 g6 3.Nc3 Bg7 4.e4 d6 5.Nf3 O-O 6.Be2 e5 7.Be3 Ng4 8.Bg5 f6
9.Bh4 g5 10.Bg3 Nh6 11.dxe5 dxe5 12.Qxd8 Rxd8 13.Nd5 Rd7 14.h4 g4 15.Nh2 c6
16.Ne3 Rd4 17.Rd1 Nf7 18.Bd3 Na6 19.Nc2 Rxd3 20.Rxd3 Nc5 21.Rd1 Nxe4 22.Nf1 Be6
23.f3 Nxg3 24.Nxg3 Bxc4 25.fxg4 Bxa2 26.Ne3 Be6 27.Nh5 Nh6 28.g5 fxg5 29.Rd6 Re8
30.O-O Nf7 31.Rd3 gxh4 32.Nf5 Bxf5 33.Rxf5 Re7 34.Rh3 e4 35.Nxg7 Kxg7 36.Rxh4 h6
37.Kf2 Ng5 38.Ke2 Rd7 39.Re5 b6 40.Re8 a5 41.Rc8 Rd6 42.Ke3 Rd3+ 43.Kf4 Rd6
44.Ke3 a4 45.Rc7+ Kg6 46.Rh1 c5 47.Ra1 Rd3+ 48.Ke2 Rb3 49.Rxa4 Rxb2+ 50.Ke3 Kf5
51.Rc6 Rxg2 52.Rxh6 Rg3+ 53.Ke2 Ne6 54.Rh5+ Ng5 55.Rh6 Rb3 56.Ra8 Nf3 57.Rb8 Nd4+
58.Ke1 e3 59.Rhxb6 Rc3 60.Rb1 Ke4 61.Re8+ Kd5 62.Re7 Ra3 63.Rc1 Nf5 64.Rd7+ Ke6
65.Rc7 Nd4 66.R7xc5 Ra2 67.Kf1 Rf2+ 68.Ke1 Nf3+  0-1

[Event "Congress"]
[Site "Blackpool ENG"]
[Date "2010.03.04"]
[Round "4"]
[White "Clarke,B"]
[Black "Coates,D"]
[Result "0-1"]
[WhiteElo "2014"]
[BlackElo "2047"]

1.d4 Nf6 2.c4 g6 3.Nc3 Bg7 4.e4 d6 5.Nf3 O-O 6.Be2 e5 7.O-O Na6 8.Be3 Ng4
9.Bg5 Qe8 10.Nd5 f6 11.Bh4 c6 12.Nc3 Nh6 13.dxe5 dxe5 14.Rb1 Bg4 15.b4 Nc7
16.Nd2 Bxe2 17.Nxe2 Rd8 18.c5 Nf7 19.Rb2 Ne6 20.Qa4 a6 21.Nc4 Nd4 22.Nc3 Qe6
23.Nb6 h5 24.f3 Bh6 25.Bf2 Kg7 26.Qd1 Ng5 27.Bxd4 Rxd4 28.Qe2 Rfd8 29.a4 Qe7
30.Nc4 Ne6 31.Nd1 Nf4 32.Qc2 Nd3 33.Rb3 Nxb4 34.Qc3 Na2 35.Qb2 Qxc5 36.Nf2 Qxc4
37.Qxa2 b5 38.axb5 axb5 39.Qa3 R8d7 40.Rc3 Qe2 41.Rxc6 Be3 42.h3 Bxf2+ 43.Rxf2 Rd1+
44.Kh2 Qxf2 45.Rc8 Rf7 46.Qa8 Kh6 47.Rc3 Rd2 48.Qh8+ Kg5 49.f4+ exf4 50.Rc5+ Qxc5  0-1

[Event "81st ch-GER"]
[Site "Bad Liebenzell GER"]
[Date "2010.03.06"]
[Round "2"]
[White "Raykhman,A"]
[Black "Koller,J"]
[Result "0-1"]
[WhiteElo "2352"]
[BlackElo "2270"]

1.d4 Nf6 2.c4 g6 3.Nc3 Bg7 4.e4 d6 5.Nf3 O-O 6.Be2 e5 7.O-O Na6 8.Be3 Ng4
9.Bg5 Qe8 10.Re1 exd4 11.Nd5 f6 12.Bf4 d3 13.Bxd3 Ne5 14.Be2 Qf7 15.Rc1 Nc5
16.Qc2 Ne6 17.Be3 c6 18.Nc3 f5 19.exf5 gxf5 20.Qd1 f4 21.Bd2 Qg6 22.Nxe5 dxe5
23.Bh5 Qh6 24.Bg4 Nc5 25.Bxc8 Raxc8 26.Qc2 Rcd8 27.Rcd1 Nd3 28.Rf1 Qg6 29.f3 e4
30.Nxe4 Bd4+ 31.Kh1 Nf2+ 32.Rxf2 Bxf2 33.Bc3 Be3 34.Nf6+ Kf7 35.Qb3 Rxd1+
36.Qxd1 Rd8 37.Qe1 Qc2  0-1

[Event "81st ch-GER"]
[Site "Bad Liebenzell GER"]
[Date "2010.03.08"]
[Round "4"]
[White "Krassowizkij,J"]
[Black "Kummerow,H"]
[Result "1/2-1/2"]
[WhiteElo "2244"]
[BlackElo "2361"]

1.d4 Nf6 2.c4 g6 3.Nc3 Bg7 4.e4 d6 5.Nf3 O-O 6.Be2 Nbd7 7.O-O e5 8.Be3 Ng4
9.Bg5 f6 10.Bd2 Nh6 11.b4 Nf7 12.c5 exd4 13.Nxd4 Nde5 14.Be3 a5 15.a3 axb4
16.axb4 Rxa1 17.Qxa1 dxc5 18.bxc5 c6 19.f4 Ng4 20.Bxg4 Bxg4 21.f5 gxf5 22.exf5 Re8
23.Bf2 Ng5 24.Qb1 Qd7 25.h3 Bh5 26.h4 Nf7 27.Ne6 Bg4 28.Nd4 Ne5 29.Ne4 Qd5
30.Nd6 Re7 31.Qb3 Qxb3 32.Nxb3 Be2 33.Rb1 Nd3 34.Nd4 Bf8 35.Rxb7 Rxb7 36.Nxb7 Nxf2
37.Nxe2 Ne4 38.Nd4 Nxc5 39.Nd8 Ne4 40.N8xc6 Bc5 41.g4 h5 42.gxh5 Bxd4+ 43.Nxd4 Kg7
44.Kg2 Kh6 45.Kf3 Nd2+ 46.Kg4 Nc4 47.Ne6 Ne3+  1/2-1/2

[Event "81st ch-GER"]
[Site "Bad Liebenzell GER"]
[Date "2010.03.08"]
[Round "4"]
[White "Prusikin,M"]
[Black "Hirneise,J"]
[Result "1/2-1/2"]
[WhiteElo "2542"]
[BlackElo "2294"]

1.d4 Nf6 2.c4 g6 3.Nc3 Bg7 4.e4 d6 5.Nf3 O-O 6.Be2 e5 7.Be3 Ng4 8.Bg5 f6
9.Bh4 Nc6 10.d5 Ne7 11.Nd2 Nh6 12.f3 c5 13.Rb1 a5 14.Nb5 b6 15.a3 Kh8 16.b4 axb4
17.axb4 g5 18.Bf2 Ng6 19.Ra1 Rxa1 20.Qxa1 Nf4 21.Bf1 g4 22.Qa7 f5 23.Qc7 Qe8
24.g3 fxe4 25.fxe4 Bd7 26.gxf4 exf4 27.Nxd6 Qa8 28.Bd3 Qa3 29.O-O Qxd3 30.Qxd7 g3
31.Bxg3 fxg3 32.Rxf8+ Bxf8 33.Nf7+ Nxf7 34.Qxf7 Qe3+ 35.Kh1 g2+ 36.Kxg2 Qxd2+
37.Kf3 Qd1+ 38.Kf2 Qd4+ 39.Kf3 Qc3+ 40.Kg4 Qg7+ 41.Qxg7+ Kxg7 42.bxc5 Bxc5
43.Kf5 Kf7 44.e5 Ke7  1/2-1/2

[Event "81st ch-GER"]
[Site "Bad Liebenzell GER"]
[Date "2010.03.08"]
[Round "4"]
[White "Figura,A"]
[Black "Koller,J"]
[Result "1-0"]
[WhiteElo "2418"]
[BlackElo "2270"]

1.d4 Nf6 2.c4 g6 3.Nc3 Bg7 4.e4 d6 5.Nf3 O-O 6.Be2 e5 7.O-O Na6 8.Be3 Ng4
9.Bg5 Qe8 10.Re1 exd4 11.Nxd4 Qe5 12.Nf3 Qc5 13.Bh4 Re8 14.Nd2 Nh6 15.Nb3 Qe5
16.Qd2 Ng4 17.Bg3 Qf6 18.Rab1 h5 19.Bf4 Qh4 20.f3 Qf2+ 21.Kh1 Ne5 22.Be3 Qh4
23.Bg5 Qf2 24.Nd5 Nc5 25.Be3 Qh4 26.Nxc7 Ng4 27.Bf4 Be5 28.fxg4 Nxe4 29.Qe3 hxg4
30.g3 Qh5 31.Nxe8 Bf5 32.Nc7 Rc8 33.Bxe5 dxe5 34.Nd5 Kg7 35.Bd3  1-0

[Event "11th EICC Women"]
[Site "Rijeka CRO"]
[Date "2010.03.08"]
[Round "3"]
[White "Ivakhinova,I"]
[Black "Tonel,G"]
[Result "1-0"]
[WhiteElo "2218"]
[BlackElo "2023"]

1.d4 Nf6 2.c4 g6 3.Nc3 Bg7 4.e4 d6 5.Be2 O-O 6.Nf3 e5 7.Be3 Ng4 8.Bg5 f6
9.Bh4 g5 10.Bg3 Nh6 11.dxe5 dxe5 12.Qd5+ Nf7 13.O-O-O Qe7 14.h4 h6 15.Kb1 Na6
16.Qa5 c6 17.hxg5 hxg5 18.Rd2 Qc7 19.Qa3 Qb6 20.Rhd1 Re8 21.Rh1 Bf8 22.Qa4 Nc5
23.Qd1 Be6 24.Nh2 Rad8 25.Ng4 Bg7 26.Ne3 Rxd2 27.Qxd2 Rd8 28.Qc2 Nd6 29.Rd1 Bf7
30.Rd2 Ne6 31.Na4 Qa5 32.Nc3 Nd4 33.Qd1 Bg6 34.Bd3 Bf8 35.Nc2 Ne6 36.f3 Ne8
37.Bf1 Rxd2 38.Qxd2 Qd8 39.Qxd8 Nxd8 40.Bf2 a6 41.b4 Ne6 42.c5 N8c7 43.Ne3 Kf7
44.Nc4 Ke8 45.Na5 Nd8 46.Bc4 Bf7 47.Bxf7+ Kxf7 48.Kc2 Kg6 49.Kd3 g4 50.fxg4 Kg5
51.Nd1 Kxg4 52.Ne3+ Kg5 53.Nf5 Nce6 54.Ke3 Nf4 55.Kf3 Kg6 56.Be3 Nfe6 57.Ke2 Kh5
58.Kf3 Kg6 59.Kg4 Nc7 60.Nd6 Bxd6 61.cxd6 Nce6 62.Bb6 Kh6 63.Kf5 Kg7 64.Nxb7 Nxb7
65.Kxe6  1-0

[Event "81st ch-GER"]
[Site "Bad Liebenzell GER"]
[Date "2010.03.11"]
[Round "7"]
[White "Schloetzer,W"]
[Black "Raykhman,A"]
[Result "1/2-1/2"]
[WhiteElo "2293"]
[BlackElo "2352"]

1.d4 Nf6 2.c4 g6 3.Nc3 Bg7 4.e4 d6 5.Nf3 O-O 6.Be2 e5 7.O-O Na6 8.Be3 Ng4
9.Bg5 Qe8 10.h3 h6 11.Bh4 exd4 12.Nxd4 Nf6 13.Bf3 Nh7 14.Re1 Ng5 15.Bg4 Bxg4
16.hxg4 Qe5 17.Nf3 Qc5 18.Bxg5 hxg5 19.Qd5 Qxd5 20.cxd5 Nc5 21.Re3 Rfe8 22.Rc1 a5
23.Nb5 Rxe4 24.Rxe4 Nxe4 25.Rxc7 Bxb2 26.Re7 Nc3 27.Rxb7 Nxb5  1/2-1/2

[Event "26th ChessOrg Schachfestival"]
[Site "Bad Woerishofen GER"]
[Date "2010.03.11"]
[Round "6"]
[White "Safyanowsky,M"]
[Black "Partenheimer,A"]
[Result "1/2-1/2"]
[WhiteElo "2292"]
[BlackElo "2184"]

1.d4 Nf6 2.c4 g6 3.Nc3 Bg7 4.e4 d6 5.Be2 O-O 6.Nf3 e5 7.O-O Na6 8.Be3 Ng4
9.Bg5 Qe8 10.dxe5 dxe5 11.Nd2 f6 12.Bxg4 fxg5 13.Bxc8 Rxc8 14.Qg4 h6 15.Nb3 Qf7
16.Rad1  1/2-1/2

[Event "ch-BUL U20 Girls"]
[Site "Sofia BUL"]
[Date "2010.03.11"]
[Round "5"]
[White "Todorova,K"]
[Black "Krumova,A"]
[Result "1/2-1/2"]
[WhiteElo "1786"]
[BlackElo "1905"]

1.d4 Nf6 2.c4 g6 3.Nc3 Bg7 4.e4 d6 5.Nf3 O-O 6.Be2 e5 7.O-O c6 8.dxe5 dxe5
9.Qxd8 Rxd8 10.Bg5 Re8 11.Rad1 Na6 12.Nxe5 Nc5 13.Bxf6 Bxf6 14.f4 Bxe5 15.fxe5 Be6
16.Rd6 Nd7 17.Rfd1 Nxe5 18.b3 Kf8 19.Kf2 Ke7 20.Ke3 Rad8 21.Rxd8 Rxd8 22.Rxd8 Kxd8
23.Na4 b6 24.c5 Kc7 25.Kd4 f6 26.Nb2 bxc5+ 27.Kxc5 h5 28.h3 Nd7+ 29.Kd4 Ne5
30.Kc5 Nd7+ 31.Kd4 Ne5 32.Kc5 Nd7+  1/2-1/2

[Event "ITT Benko Club Argentino"]
[Site "Buenos Aires ARG"]
[Date "2010.03.14"]
[Round "8"]
[White "Quiroga,F"]
[Black "Barreto Filho,C"]
[Result "1/2-1/2"]
[WhiteElo "2334"]
[BlackElo "2362"]

1.d4 Nf6 2.c4 g6 3.Nc3 Bg7 4.e4 d6 5.Nf3 O-O 6.Be2 e5 7.O-O exd4 8.Nxd4 Re8
9.f3 Nc6 10.Nxc6 bxc6 11.Bg5 h6 12.Bh4 g5 13.Bf2 c5 14.Qd2 Qe7 15.Rad1 Rb8
16.b3 Be6 17.Rfe1 Nd7 18.Nd5 Qd8 19.Bd3 Ne5 20.Bb1 Nc6 21.Kh1 Nd4 22.Qd3 a5
23.Nc3 Be5 24.g3 Qf6 25.Bxd4 cxd4 26.Ne2 Qg7 27.Nxd4 Bxd4 28.Qxd4 a4 29.Bc2 Qxd4
30.Rxd4 axb3 31.axb3 Ra8 32.Kg1 Ra2 33.Re2 Rea8 34.Kf2 Ra1 35.Rd1 R1a2 36.Rdd2 R8a3
37.e5 dxe5 38.Bh7+ Kxh7 39.Rxa2 Rxb3 40.Rxe5 Bxc4 41.Rc2 Be6 42.Rxc7 Kg6
43.Re3 Rb2+ 44.Re2 Rb3 45.Rcc2 Ra3 46.Rb2 Rc3 47.Re3 Rc1 48.Ra3 Rh1 49.Ke3 Re1+
50.Kd4 Rd1+ 51.Rd3 Rc1 52.Rf2 Rc4+ 53.Ke3 Ra4 54.Rc3 Ra5 55.f4 Rb5 56.Rc6 Kg7
57.Kd4 Rd5+ 58.Ke4 Ra5 59.Rb6 Bf5+ 60.Kd4 Be6 61.Ke3 Ra4 62.Rd6 Ra3+ 63.Ke4 gxf4
64.Rxf4 Rb3 65.Rd3 Rb5 66.g4 h5 67.gxh5 Rxh5 68.Rg3+ Kf8 69.h4 Ra5 70.Rg5 Rxg5
71.hxg5 Kg7 72.Rf6 Bg4 73.Rh6 Bd1 74.Rh2 Bb3 75.Ke5 Kg6 76.Kf4 Kg7 77.Rb2 Be6
78.Rb5 Kg6 79.Rb6 Kg7 80.Kg3 Bf5 81.Rf6 Bg6 82.Kf4 Bb1 83.Ke5 Bg6 84.Kd6 Bb1
85.Ke7  1/2-1/2

[Event "11th EICC Women"]
[Site "Rijeka CRO"]
[Date "2010.03.15"]
[Round "9"]
[White "Melnikova,Y"]
[Black "Girya,O"]
[Result "0-1"]
[WhiteElo "2272"]
[BlackElo "2362"]

1.Nf3 Nf6 2.d4 g6 3.c4 Bg7 4.Nc3 O-O 5.e4 d6 6.Be2 e5 7.O-O Na6 8.Be3 Ng4
9.Bg5 Qe8 10.Re1 c6 11.h3 h6 12.Bc1 Nf6 13.Bf1 Kh7 14.Rb1 Bd7 15.a3 Rd8 16.b4 exd4
17.Nxd4 Nc7 18.Bf4 Bc8 19.Bh2 Qe7 20.Rb2 Ne6 21.Rd2 Nxd4 22.Rxd4 Nh5 23.Rd3 Be5
24.g3 Be6 25.f4 Bxc4 26.fxe5 Bxd3 27.Qxd3 dxe5 28.Qe3 a5 29.g4 Nf4 30.Rb1 axb4
31.axb4 b5 32.Bxf4 exf4 33.Qxf4 Rd4 34.Qe3 Rxb4 35.Rxb4 Qxb4 36.e5 Rd8 37.Qf3 Qc5+
38.Kh1 Qxe5 39.Qxf7+ Qg7 40.Qe6 Rf8 41.Bd3 Qf6 42.Qxf6 Rxf6 43.Kg2 Rd6 44.Bb1 b4
45.Ne4 Rd1 46.Bc2 Rc1 47.Bb3 c5 48.Nd2 Rc3 49.Ba4 c4 50.Kf2 Ra3 51.Bd1 c3
52.Nb3 c2  0-1

[Event "IGM Apatin & Vukovar"]
[Site "Banja Junakovic/Vukovar SRB/CRO"]
[Date "2010.03.17"]
[Round "6"]
[White "Szuhanek,R"]
[Black "Ilincic,Z"]
[Result "1/2-1/2"]
[WhiteElo "2496"]
[BlackElo "2449"]

1.d4 Nf6 2.Nf3 g6 3.c4 Bg7 4.Nc3 d6 5.e4 O-O 6.Be2 e5 7.O-O Nh5 8.g3 Bh3
9.Re1 exd4 10.Nxd4 Nf6 11.Be3 Nbd7 12.f3 Ne5 13.Qd2 Re8 14.Nd1 Bd7 15.Nf2 a6
16.Kg2 Qe7 17.Rac1 c5 18.Nb3 b5 19.Na5  1/2-1/2

[Event "JNBS UWI Masters"]
[Site "Kingston JAM"]
[Date "2010.03.20"]
[Round "7"]
[White "Zivanic,M"]
[Black "Pitterson,J"]
[Result "1/2-1/2"]
[WhiteElo "2490"]
[BlackElo "2241"]

1.d4 Nf6 2.c4 g6 3.Nc3 Bg7 4.e4 d6 5.Nf3 O-O 6.Be2 e5 7.Be3 Na6 8.d5 Ng4
9.Bg5 f6 10.Bh4 h5 11.Nd2 c5 12.h3 Nh6 13.g4 hxg4 14.hxg4 Nf7 15.Nf1 Bh6
16.Ne3 Kg7 17.Qc2 Nc7 18.Kf1 Bd7 19.Qd3 Rh8 20.Kg2 Bf4 21.f3 Rb8 22.Bf2 Rxh1
23.Rxh1 a6 24.Bd1 b5 25.b3 Qe7 26.Ne2 b4 27.Kg1 Rh8 28.Rxh8 Kxh8 29.Ng2 Bh6
30.Bc2 Na8  1/2-1/2

[Event "Bundesliga 2009-10"]
[Site "Tegel GER"]
[Date "2010.03.20"]
[Round "12"]
[White "Werle,J"]
[Black "Muse,M"]
[Result "1-0"]
[WhiteElo "2563"]
[BlackElo "2448"]

1.d4 Nf6 2.c4 g6 3.Nc3 Bg7 4.e4 d6 5.Nf3 O-O 6.Be2 e5 7.O-O Na6 8.Re1 c6
9.Bf1 exd4 10.Nxd4 Ng4 11.h3 Nxf2 12.Kxf2 Qb6 13.Ne2 f5 14.Kg1 Nc5 15.exf5 Re8
16.fxg6 hxg6 17.Kh2 Re4 18.Nf3 Qc7 19.Bf4  1-0

[Event "Victor Ciocaltea Mem"]
[Site "Bucharest ROU"]
[Date "2010.03.25"]
[Round "3"]
[White "Enchev,I"]
[Black "Szabo,G ROM"]
[Result "1/2-1/2"]
[WhiteElo "2418"]
[BlackElo "2525"]

1.c4 e5 2.Nc3 d6 3.d4 Nd7 4.Nf3 g6 5.e4 Bg7 6.Be2 Ngf6 7.O-O O-O 8.dxe5 dxe5
9.Qc2 c6 10.Rd1 Qe7 11.b3 Nh5  1/2-1/2

[Event "ch-Moscow KO"]
[Site "Moscow RUS"]
[Date "2010.03.25"]
[Round "1.5"]
[White "Mozharov,M"]
[Black "Belous,V"]
[Result "1-0"]
[WhiteElo "2474"]
[BlackElo "2471"]

1.d4 Nf6 2.c4 g6 3.Nc3 Bg7 4.e4 d6 5.Nf3 O-O 6.Be2 Na6 7.O-O e5 8.Be3 Ng4
9.Bg5 Qe8 10.d5 h6 11.Bc1 f5 12.Ne1 Nf6 13.f3 Nc5 14.b4 Ncd7 15.Be3 f4 16.Bf2 g5
17.c5 h5 18.Nb5 Qg6 19.Nxc7 Rb8 20.Ne6 Rf7 21.cxd6 b6 22.Rc1 Ne8 23.Rc6 Bb7
24.b5 Bf8 25.Qa4 Ra8 26.Nc7 Nxd6 27.Nxa8 Bxa8 28.Qxa7 Bb7 29.Rxd6 Bxd6 30.Qxb7 g4
31.Kh1 g3 32.Bg1 gxh2 33.Bf2 Kh7 34.a4 Rg7 35.Kxh2 Bb4 36.Rg1 Bc5 37.Qc6 Bxf2
38.Qxg6+  1-0

[Event "Philadelphia Open"]
[Site "Philadelphia USA"]
[Date "2010.03.31"]
[Round "1"]
[White "Romanenko,Vl"]
[Black "Samimi,S"]
[Result "1-0"]
[WhiteElo "2499"]
[BlackElo "2120"]

1.d4 Nf6 2.c4 g6 3.Nc3 Bg7 4.e4 d6 5.Nf3 O-O 6.Be2 e5 7.dxe5 dxe5 8.Qxd8 Rxd8
9.Bg5 c6 10.Nxe5 Re8 11.O-O-O Nxe4 12.Nxe4 Bxe5 13.Nd6 Bxb2+ 14.Kd2 Rxe2+
15.Kxe2 Be6 16.Rd2 Ba3 17.c5 b5 18.cxb6 axb6 19.Ne4 Bc4+ 20.Ke3 Na6 21.Rhd1 Bc5+
22.Nxc5 Nxc5 23.Rd8+ Rxd8 24.Bxd8 b5 25.Bf6 Ne6 26.Rd7 h6 27.h4 h5 28.Ra7 Ng7
29.Ra8+ Kh7 30.a3 Bd5 31.g3 Nf5+ 32.Kf4 Ng7 33.Ke5 Be6 34.Bxg7 Kxg7 35.Kd6 Bd5
36.Rc8  1-0

[Event "17th TCh-RUS Higher League"]
[Site "Dagomys RUS"]
[Date "2010.04.02"]
[Round "1"]
[White "Odnorozhenko,E"]
[Black "Gladyszev,O"]
[Result "0-1"]
[WhiteElo "2324"]
[BlackElo "2473"]

1.d4 Nf6 2.c4 g6 3.Nc3 Bg7 4.e4 d6 5.Nf3 O-O 6.Be2 e5 7.d5 a5 8.Bg5 h6 9.Bh4 Na6
10.Nd2 Qe8 11.O-O Nh7 12.a3 Bd7 13.Rb1 a4 14.Nb5 Bxb5 15.cxb5 Nc5 16.f3 Nf6
17.b4 axb3 18.Nxb3 Nxb3 19.Qxb3 Nd7 20.Bf2 b6 21.Rfc1 Nc5 22.Bxc5 dxc5 23.d6 cxd6
24.Rd1 Qe7 25.Bc4 Ra5 26.a4 Rfa8 27.Ra1 h5 28.Qc2 Bh6 29.Rd3 h4 30.Rad1 Rd8
31.Bb3 Ra7 32.Qc4 Kh7 33.Bc2 Bf8 34.Bb3 Qf6 35.Qc2 Bh6 36.Qc4 Bf8 37.Qc2 Rc8
38.Qc4 Kg7 39.Ra1 h3 40.gxh3 Be7 41.Ra2 Rh8 42.Qd5 Rxh3 43.a5 Rxa5 44.Rxa5 bxa5
45.f4 Rxd3 46.Qxd3 Bd8 47.f5 Bb6 48.Bc4 d5 49.Qxd5 gxf5 50.exf5 Qxf5 51.h3 a4
52.Kg2 a3 53.h4 Qf4 54.h5 Qg4+ 55.Kf1 Qxh5 56.Kf2 Qh4+ 57.Ke2 Qg4+ 58.Kf1 Qf4+
59.Ke2 e4 60.Kd1 Ba5 61.Kc2 Qf2+ 62.Kd1 Qd4+  0-1

[Event "21st Pobeskydi Distep Cup"]
[Site "Frydek-Mistek CZE"]
[Date "2010.04.03"]
[Round "5"]
[White "Pacher,M"]
[Black "Jasny,S"]
[Result "1-0"]
[WhiteElo "2363"]
[BlackElo "2347"]

1.d4 Nf6 2.c4 d6 3.Nc3 Nbd7 4.e4 e5 5.Nf3 g6 6.Be2 Bg7 7.O-O O-O 8.Re1 c6
9.Bf1 Qb6 10.d5 Nc5 11.Qc2 a5 12.Nd2 Ng4 13.Nb3 Nxb3 14.axb3 c5 15.f3 Nf6
16.Be3 Bd7 17.g4 Kh8 18.Bd3 Ng8 19.Re2 f5 20.exf5 gxf5 21.gxf5 Ne7 22.f6 Bxf6
23.Bxh7 Rf7 24.Be4 Bh3 25.Kh1 Rg8 26.Rg1 Rxg1+ 27.Bxg1 Bh4 28.Qc1 Ng8 29.Bc2 Qd8
30.Be4 Qf6 31.Nd1 Rg7 32.Ne3 Qg5 33.Qb1 Nf6 34.Bf5 Qf4 35.Bxh3 Qxf3+ 36.Rg2 Qxh3
37.Qf5 Qxf5 38.Nxf5 Rxg2 39.Kxg2 Be1 40.Nxd6 b6 41.Nf7+ Kg7 42.Nxe5 Ne4 43.Nd7 Nd2
44.Nxb6 Nxb3 45.Kf3 Bh4 46.Be3 Bf6 47.Na4 Be5 48.h3 Bd6 49.Ke4 Kg6 50.Kd3 Be5
51.Nxc5 Nxc5+ 52.Bxc5 Bxb2 53.Bd6 a4 54.c5 a3 55.Kc2  1-0

[Event "Najdorf Centenary Open"]
[Site "Buenos Aires ARG"]
[Date "2010.04.04"]
[Round "7"]
[White "Real de Azua,E"]
[Black "Elman,C"]
[Result "1-0"]
[WhiteElo "2420"]
[BlackElo "2158"]

1.d4 Nf6 2.c4 g6 3.Nc3 Bg7 4.e4 d6 5.Nf3 O-O 6.Be2 e5 7.Be3 Ng4 8.Bg5 f6
9.Bh4 Nc6 10.d5 Ne7 11.Nd2 Nh6 12.f3 g5 13.Bf2 Ng6 14.g4 Nf4 15.c5 Nf7 16.Nc4 Bd7
17.a4 Nxe2 18.Qxe2 Qe7 19.b4 Rfc8 20.Na5 Nd8 21.Nxb7 Nxb7 22.c6 Bxc6 23.dxc6 Nd8
24.Nd5 Qf7 25.Qc4 Ne6 26.Kd2 Kh8 27.b5 Nf4 28.Rhc1 Nxd5 29.Qxd5 Qxd5+ 30.exd5 Kg8
31.a5 Rcb8 32.b6 axb6 33.axb6 Rxa1 34.Rxa1 cxb6 35.Ra7 Rc8 36.Bxb6 Bf8 37.Rb7  1-0

[Event "17th TCh-RUS Higher League"]
[Site "Dagomys RUS"]
[Date "2010.04.06"]
[Round "5"]
[White "Slugin,S"]
[Black "Lyaskovsky,Va"]
[Result "1-0"]
[WhiteElo "2427"]
[BlackElo "2271"]

1.d4 Nf6 2.c4 g6 3.Nc3 Bg7 4.e4 d6 5.Nf3 O-O 6.Be2 e5 7.Be3 Ng4 8.Bg5 f6
9.Bh4 g5 10.Bg3 Nh6 11.c5 g4 12.Nh4 Nc6 13.cxd6 cxd6 14.dxe5 fxe5 15.Bc4+ Kh8
16.Qd2 Nd4 17.O-O Bd7 18.Ne2 Rc8 19.Rac1 Rxc4 20.Rxc4 Nxe2+ 21.Qxe2 Bb5 22.Qc2 Bf6
23.Nf5 Nxf5 24.exf5 h5 25.f3 gxf3 26.Rxf3 Bxc4 27.Qxc4 d5 28.Qe2 e4 29.Rf1 Qe8
30.Bd6 Bd4+ 31.Kh1 Rf6 32.Bg3 Bb6 33.Bh4 Rf8 34.Qd2 e3 35.Qxd5 e2 36.Re1 Qe3
37.f6 Qh6 38.Qe5 Bd8 39.f7+ Kh7 40.Bxd8 Rxd8 41.Qxe2 Rf8 42.Rf1 Qg6 43.Qf2 a6
44.Qf5 Qxf5 45.Rxf5 Kg6 46.Rf3 Rxf7 47.Rxf7 Kxf7 48.g3 Ke6 49.Kg2 Kf5 50.Kf3  1-0